000 00754cam a22001814a 4500
005 20250605164343.0
008 250528s ||||||||||||||||||||||||d
035 _a23731
040 _aGR-AtMCL
_bgre
_dGR-AtMCL
_eAACR2
245 1 _aOperation Phoenix/Ressurrecting an Enterprise from Ashes
260 _c2008
300 _a100
520 _aIntroduction, Dissertation Background, Research Limitations, Literature Revie, Strategy, Internal Auditing, Information Technology and Systems, Methodology, Ethical Considerations, Results and Analysis, Action Research Procedure and Results, Conclusions, Resetting Strategy, Appendices, References, Bibliography.
700 1 _aVrouvaki Natalia
_99277
942 _cDS
999 _c8680
_d8680